000 00472nam a2200181Ia 4500
001 23101
005 20260414150915.0
008 260414t2016||||xx |||||||||||||| ||spa||
041 _aESP
082 _a624.1834
_bO67
100 _aOrjuela Daza, Jorge Alberto
_eAUT
245 0 _aManual práctico de supervisión de estructuras de concreto
_b
260 _c2016
300 _axii, 143 páginas :
_c15 cm.
650 _a0
654 _aCIC
942 _cLIB
_dJUS
_fJUS
_2ddc
_n
999 _c23101
_d23101